Statistiques concernant Les plus grandes villes du Danemark • A-Z

Cliquez ici pour prendre le quiz!

Statistiques générales

  • Ce quiz a été pris 68 fois
    (67 depuis la dernière actualisation)
  • Le résultat moyen est 6 sur 23

Statistiques - réponses

#Villes danoise% Correct
CCopenhague
96%
AAalborg
76%
OOdense
67%
ÅÅrhus
65%
EEsbjerg
47%
VVejle
35%
RRanders
31%
KKolding
29%
HHorsens
24%
SSilkeborg
22%
FFredericia
18%
NNæstved
16%
MMiddelfart
11%
TTaastrup
7%
DDragør
5%
GGrenå
5%
IIkast
5%
LLillerød
5%
PPadborg
5%
JJyllinge
4%
BBirkerød
2%
ØØlgod
2%
UUllerslev
2%

Distribution des résultats

Percentile par nombre de réponses

% des personnes avec chaque résultat

Votre développement - résultats

Vous n’avez pas pris ce quiz depuis la dernière actualisation